000 00340 a2200145 4500
001 73908
020 _a9788502137561
040 _cAnchieta - Colégio São Paulo
240 1 0 _aMinidicionário Saraiva
_lpor
245 1 0 _aMinidicionário Saraiva
300 _a317
362 0 _a2011
650 4 _aObras enciclopédicas gerais
942 _cBK
999 _c73908
_d73908